000 00627nam a2200193 4500
999 _c170558
_d170558
005 20191217160919.0
010 _aENG-127178
020 _a9789352875436
_c595.00
035 _aEN-110710
037 _bDBAD/PUB
082 _a327.105
100 _aPant, Harsh V.
245 _aIndian foreign policy :
_cby Harsh V.Pant
_ban overview /
260 _aHyderabad
_bOrient Blackswan
_c2016
270 _a3-6-752 Himayatnagar, Hyderabad
_bTelangana
_e500029
_mindo@orientblackswan.com
300 _a246p .
_c22cm(pbk)
500 _aIncludes bibliographical references and index
942 _2ddc
_cEN
_h327.105
_mPAN